Loading...
| Current Events | 1 | 30.00 | 100% | 100% | 100% |
| Fine Arts - Classical Music | 5 | 14.00 | 40% | 40% | 60% |
| Fine Arts - Other | 4 | 20.00 | 50% | 75% | 75% |
| Fine Arts - Painting and Sculpture | 8 | 18.75 | 63% | 63% | 63% |
| Geography | 1 | 20.00 | 100% | 100% | 0% |
| History - American | 4 | 15.00 | 50% | 50% | 50% |
| History - European | 6 | 21.67 | 67% | 50% | 100% |
| History - Other | 8 | 18.75 | 50% | 88% | 50% |
| History - World | 6 | 20.00 | 33% | 83% | 83% |
| Literature - American | 10 | 14.00 | 40% | 60% | 40% |
| Literature - British | 5 | 22.00 | 100% | 60% | 60% |
| Literature - European | 6 | 18.33 | 67% | 83% | 33% |
| Literature - World | 6 | 16.67 | 67% | 67% | 33% |
| Mythology | 9 | 18.89 | 56% | 100% | 33% |
| Other Academic | 4 | 20.00 | 50% | 75% | 75% |
| Philosophy | 5 | 16.00 | 40% | 60% | 60% |
| Pop Culture | 3 | 20.00 | 67% | 100% | 33% |
| Religion | 5 | 16.00 | 60% | 80% | 20% |
| Science - Biology | 5 | 16.00 | 60% | 60% | 40% |
| Science - Chemistry | 4 | 20.00 | 75% | 25% | 100% |
| Science - Other | 6 | 16.67 | 50% | 67% | 50% |
| Science - Physics | 6 | 18.33 | 50% | 83% | 50% |
| Social Science | 5 | 22.00 | 20% | 100% | 100% |